Postavenie obchodu ako posledného článku vo výrobno-distribučno-obchodnom reťazci a jeho kontakt so spotrebiteľom

Gespeichert in:
Bibliographische Detailangaben
1. Verfasser: Orgonáš, Jozef, 1957-
Format: Buchkapitel
Sprache:Slowakisch
Tags: Tag hinzufügen
Keine Tags, Fügen Sie das erste Tag hinzu!

MARC

LEADER 00000naa$a2200000$$$4500
001 0211235
005 20240502073524.4
041 0 |a slo 
044 |a SK 
245 1 0 |a Postavenie obchodu ako posledného článku vo výrobno-distribučno-obchodnom reťazci a jeho kontakt so spotrebiteľom  |c Jozef Orgonáš 
100 1 |a Orgonáš, Jozef, 1957-